Сервисология (человек и его потребности): учебное пособие

Detalles Bibliográficos
Autor principal: Коноплева Н. А. Нина Алексеевна
Autor Corporativo: Владивостокский государственный университет экономики и сервиса
Sumario:Раскрываются основные подходы к человеку с учетом его потребностей. Прослеживаются внешние и внутренние факторы, мотивирующие поведение потребителя в процессе продаж. Рассматриваются сервис как система индивидуального обслуживания, особенности функционирования сферы услуг, типология потребителя и способы взаимодействия с ним. Пособие позволит специалистам сервисных сфер деятельности успешно взаимодействовать с потребителем, быть успешными профессионалами.
Lenguaje:ruso
Publicado: Владивосток, Изд-во ВГУЭС, 2005
Materias:
Formato: MixedMaterials Libro
KOHA link:https://koha.lib.tpu.ru/cgi-bin/koha/opac-detail.pl?biblionumber=105340

MARC

LEADER 00000nam0a2200000 4500
001 105340
005 20231101214614.0
035 |a (RuTPU)RU\TPU\book\113652 
090 |a 105340 
100 |a 20061115d2005 m y0rusy50 ca 
101 0 |a rus 
102 |a RU 
105 |a a j 001zy 
200 1 |a Сервисология (человек и его потребности)  |e учебное пособие  |f Н. А. Коноплева  |g Владивостокский государственный университет экономики и сервиса 
210 |a Владивосток  |c Изд-во ВГУЭС  |d 2005 
215 |a 176 с.  |c ил. 
320 |a Библиогр.: с. 172-174. 
330 |a Раскрываются основные подходы к человеку с учетом его потребностей. Прослеживаются внешние и внутренние факторы, мотивирующие поведение потребителя в процессе продаж. Рассматриваются сервис как система индивидуального обслуживания, особенности функционирования сферы услуг, типология потребителя и способы взаимодействия с ним. Пособие позволит специалистам сервисных сфер деятельности успешно взаимодействовать с потребителем, быть успешными профессионалами. 
451 1 |0 (RuTPU)RU\TPU\book\151144  |y 978-5-9765-0119-5  |t Сервисология (человек и его потребности)   |o учебное пособие  |f Н. А. Коноплева  |g Московский психолого-социальный институт (МПСИ)  |c М.  |n Флинта  |n МПСИ  |d 2008  |p 248 с.  |a Коноплева, Нина Алексеевна 
451 |y 978-5-9770-0254-7 
606 1 |a Сервисная деятельность  |x Экономика  |2 stltpush  |3 (RuTPU)RU\TPU\subj\67409  |9 83222 
610 1 |a экономика 
610 1 |a сервис 
610 1 |a сервисология 
610 1 |a человек 
610 1 |a потребности 
610 1 |a личность 
610 1 |a индивид 
610 1 |a мотивации 
610 1 |a услуги 
610 1 |a сфера услуг 
610 1 |a учебные пособия 
686 |a У9(2)49я73  |v LBC/SL-A  |2 rubbk 
700 1 |a Коноплева  |b Н. А.  |g Нина Алексеевна 
712 0 2 |a Владивостокский государственный университет экономики и сервиса  |2 stltpush  |3 (RuTPU)RU\TPU\col\7581  |9 24346 
801 1 |a RU  |b 63413507  |c 20061115  |g PSBO 
801 2 |a RU  |b 63413507  |c 20211214  |g PSBO 
942 |c BK 
959 |a 90/20061025  |d 1  |e 250,00  |f ЧЗГЛ:1